NASCAR Win Totals / Per Active Driver - Statistics

General Stats
  • This quiz has been taken 1,139 times
    1,027 since last reset
  • The average score is 17 of 25
Answer Stats
Hint Answer % Correct
74 Jimmie Johnson
96%
93 Jeff Gordon
95%
27 Kurt Busch
95%
33 Kyle Busch
95%
31 Kevin Harvick
87%
48 Tony Stewart
84%
36 Matt Kenseth
81%
25 Dale Earnhardt J.
80%
26 Denny Hamlin
79%
14 Joey Logano
79%
25 Carl Edwards
76%
17 Brad Keselowski
73%
3 Martin Truex Jr.
73%
17 Kasey Kahne
64%
17 Ryan Newman
64%
19 Greg Biffle
59%
8 Clint Bowyer
58%
7 Jamie McMurray
55%
1 Trevor Bayne
49%
1 Aric Almirola
39%
2 David Ragan
39%
1 AJ Allmendinger
37%
1 Paul Menard
36%
3 Brian Vickers
29%
1 Casey Mears
28%
No matching quizzes found
Score Distribution
Percent of People with Each Score
Percentile by Number Answered
Your Score History
You have not taken this quiz since the last reset